000 00456nam a2200181Ia 4500
001 5227
005 20260306145853.0
008 260306t1986||||xx |||||||||||||| ||spa||
041 _aESP
082 _a338.20985
_bD63
100 _aDeustua, José
_eAUT
245 0 _aLa minería peruana y la iniciación de la república 1820-1840
260 _c1986
300 _a288 páginas :
_c21 cm.
650 _aGEN
654 _aCAN
942 _cLIB
_dJUS
_fJUS
_2ddc
_n
999 _c5227
_d5227